000 00828nas a2200253 4500
001 BR0901637
003 BR-BrBNA
005 20231205112618.0
007 ta
008 230509b bl.|||p| |||| 00| 00por d
040 _aBR-BrBNA
_bpor
_cBiblioteca Nacional de Agricultura
041 _a(Pt)
072 _aF04
100 1 _aFernandes, F.C.S.
100 1 _aLibardi, P.L.
245 1 _aPercentagem de recuperação de nitrogenio pelo milho, para diferentes doses e parcelamentos do fertilizante nitrogenado
650 _aMILHO
650 _aFERTILIZANTE NITROGENADO
650 _aPLANTIO DIRETO
650 _aEFEITO RESIDUAL
773 0 _tRevista Brasileira de Milho e Sorgo (Brazil)
_xISSN 1676-689X
_g(Sep-Dec 2007), v. 6(3) p. 285-296
_wBR0901637
909 _a202311
_bLúcia
_c55
_dLúcia Elande
942 _2AGRIS
_n0
_cANA
999 _c198959
_d198959